000 00713nam a2200193 u 4500
001 000020746
005 20200930011144.0
008 100813s2016 dr 000 0 spa d
020 _a9789945897937
040 _aDO-SdBNP
_bspa
_cBNPHU
082 _axxxxxxxxx
_bxxxxxxxxx
100 1 _aMirabal, Yoselman R.
_91773
245 1 0 _aDiez tabúes sobre el noviazgo y la relación de parejas cristianas /
_cYoselman R. Mirabal.
246 1 0 _a10 tabúes sobre el noviazco y la relación de parejas cristianas
260 _aSanto Domingo :
_bProducciones Mirabal,
_c2016.
300 _a86 p. :
_bil. ;
_c23 cm.
500 _aLa biblioteca posee 1 ejemplar autográfiado por el autor
504 _aBibliografías : p. 85-86
999 _c20250
_d20250